000 00366 a2200169 4500
001 56546
020 _a9788516055561
040 _cAnchieta - Pituba
100 _aCarrasco, Walcyr
240 1 0 _aA palavra não dita
_lpor
245 1 0 _aA palavra não dita
300 _a167
362 0 _a2007
440 1 _aModerna
650 4 _aLiteratura juvenil
942 _cBK
999 _c56546
_d56546